01020nam a2200313 i 450000100060000000300090000600500170001500800410003202000180007304000360009104600090012708000090013610000240014524501120016926000360028130000410031738000160035838800100037450400120038465000280039665000350042465800280045965800310048765800210051870000270053970000270056671000150059385600980060856618KOSZ 00520210910111607.0090813s2005 sz a f |001 0 eng d a9782888930600 cKOSZ 005aKOSZ 005dKOSZ 005/HR k2005 a7.051 aBrower, CaraeAutor10aExperimental eco - design :barchitecture, fashion, product /cCara Brower, Rachel Mallory, Zachary Ohlman. aHove :bRotoVision,ccop. 2009. a163, [13] s. :bil. kolor. ;c22 cm. aKsiążki a2001- aIndeks. 4aWzornictwo przemysłowe 4aProjektowanie zrównoważone aInżynieria i technika aArchitektura i budownictwo aKultura i sztuka1 aMallory, RacheleAutor1 aOhlman, ZacharyeAutor2 aRotoVision uhttp://koha.tu.koszalin.pl/cgi-bin/koha/opac-detail.pl?biblionumber=56618yKatalog online BPK